00582nam a2200205Ia 450000500170000000800410001702000150005804000180007304100080009108200170009910000210011624500890013725000120022626000380023830000120027665000230028865000240031165000210033565000200035620220616114710.0210716s1983 xx 000 0 und d a0070990751 cAIMIT LIBRARY aeng a00321bBROR aBronson,Richard. aSchaums outline of theory and problems of operations research /cBy Richard Bronson. a1st ed. aSingapore :bMcGraw Hill ,c1983. a328p. ; aLinear programming aInteger programming aNetwork analysis aDecision theory